[Event "AUTO-OPEN-4199"]
[Site "http://www.queenalice.com/game.php?id=1622007"]
[Date "2020.7.29"]
[Round "1"]
[White "rodrigoma"]
[Black "IranSilva"]
[Result "0-1"]
[WhiteElo "2014"]
[BlackElo "2180"]

1. e4 c5 2. Nf3 Nc6 3. Nc3 g6 4. Be2 Bg7 5. O-O d6 6. Nd5 e6 7. Nc3 Nf6 8. Bb5
Bd7 9. d4 cxd4 10. Nxd4 O-O 11. Bg5 a6 12. Nxc6 Bxc6 13. Bxc6 bxc6 14. Qf3 h6
15. Bd2 Nd7 16. Rad1 Ne5 17. Qg3 Nc4 18. Bc1 d5 19. exd5 cxd5 20. b3 Nd6 21. a4
Nf5 22. Qd3 Qa5 23. Bd2 Qc7 24. Ne2 Rfc8 25. c3 Nd6 26. Rc1 Ne4 27. Be1 a5 28.
f3 Nc5 29. Qc2 Na6 30. c4 dxc4 31. Qxc4 Qxc4 32. Rxc4 Rxc4 33. bxc4 Nc5 34. Bc3
Nxa4 35. Bxg7 Kxg7 36. Ra1 Nc5 0-1

[Event "AUTO-OPEN-4199"]
[Site "http://www.queenalice.com/game.php?id=1622008"]
[Date "2020.7.29"]
[Round "1"]
[White "IranSilva"]
[Black "rodrigoma"]
[Result "1-0"]
[WhiteElo "2187"]
[BlackElo "2005"]

1. c4 g6 2. g3 Bg7 3. Bg2 Nf6 4. Nf3 Nc6 5. O-O O-O 6. Nc3 d5 7. cxd5 Nxd5 8. a3
Nxc3 9. bxc3 e5 10. e4 b6 11. Bb2 Bb7 12. d4 exd4 13. cxd4 Rb8 14. Rb1 Na5 15.
d5 Bxb2 16. Rxb2 Nc4 17. Ra2 Qd6 18. Qd4 b5 19. Rd1 Qb6 20. Qc3 f6 21. a4 Nd6
22. Nd4 Ba6 23. a5 Qb7 24. Ne6 Rf7 25. Nc5 Qc8 26. Qb4 Nc4 27. Ne6 Nd6 28. Bh3
f5 29. exf5 gxf5 30. Qf4 b4 31. Rb2 Bc4 32. Rd4 Rb5 33. Rxc4 Rxd5 34. Ng5 Rd1+
35. Kg2 1-0

[Event "AUTO-OPEN-4199"]
[Site "http://www.queenalice.com/game.php?id=1622009"]
[Date "2020.7.29"]
[Round "1"]
[White "rodrigoma"]
[Black "Rolando9302"]
[Result "1/2-1/2"]
[WhiteElo "2035"]
[BlackElo "2231"]

1. e4 Nc6 2. Nf3 Nf6 3. Nc3 d5 4. exd5 Nxd5 5. d4 Bg4 6. Be2 e6 7. a3 Bd6 8. Ne4
Nf6 9. Bg5 Be7 10. Nxf6+ Bxf6 11. Bxf6 gxf6 12. O-O Rg8 13. c3 Qd5 14. b4 Bh3
15. g3 Bxf1 16. Qxf1 Ne7 17. c4 Qe4 18. a4 O-O-O 19. Ra3 Nf5 20. Qd1 Nxd4 21.
Nxd4 Rxd4 22. Rd3 Rgd8 23. Rxd4 Rxd4 24. Qf1 Rd2 25. Bh5 Rb2 26. Bd1 Rxb4 27.
Qe2 Qxe2 28. Bxe2 Rxa4 29. Kg2 Kd7 30. h4 Kd6 1/2-1/2

[Event "AUTO-OPEN-4199"]
[Site "http://www.queenalice.com/game.php?id=1622010"]
[Date "2020.7.29"]
[Round "1"]
[White "Rolando9302"]
[Black "rodrigoma"]
[Result "1-0"]
[WhiteElo "2218"]
[BlackElo "2063"]

1. d4 Nf6 2. Nf3 g6 3. Bf4 d6 4. e3 Bg7 5. Be2 Nd5 6. Bg3 O-O 7. c4 Nb6 8. Nc3
a6 9. Rc1 c6 10. O-O N6d7 11. Qc2 Nb6 12. Rfd1 N8d7 13. c5 Nd5 14. Nxd5 cxd5 15.
cxd6 e6 16. b4 b5 17. Qc7 Rb8 18. Ne5 Rb7 19. Qxd8 Rxd8 20. Nc6 Re8 21. Ne7+ Kh8
22. Rxc8 Rxc8 23. Nxc8 Bf6 24. Rc1 Kg7 25. Rc7 Rxc7 26. dxc7 h5 27. Nd6 Nb6 28.
Ne8+ 1-0

[Event "AUTO-MASTER-2979"]
[Site "http://www.queenalice.com/game.php?id=1622144"]
[Date "2020.7.30"]
[Round "1"]
[White "Rolando9302"]
[Black "rodrigoma"]
[Result "1-0"]
[WhiteElo "2224"]
[BlackElo "2044"]

1. d4 Nf6 2. c4 g6 3. Nc3 Bg7 4. g3 d6 5. Bg2 O-O 6. Nf3 c6 7. e4 Bg4 8. O-O a6
9. Be3 Nbd7 10. h3 Bxf3 11. Qxf3 e5 12. Rad1 Qc7 13. dxe5 Nxe5 14. Qe2 c5 15. f4
Nc6 16. e5 dxe5 17. Bxc5 Rfe8 18. Qf2 e4 19. g4 e3 20. Bxe3 Nd7 21. Kh1 Nf6 22.
Nd5 Nxd5 23. cxd5 Nb8 24. f5 f6 25. d6 Qd7 26. fxg6 hxg6 27. Bd5+ Kf8 28. Qxf6+
Bxf6 29. Bh6+ 1-0

[Event "AUTO-MASTER-2979"]
[Site "http://www.queenalice.com/game.php?id=1622145"]
[Date "2020.7.30"]
[Round "1"]
[White "rodrigoma"]
[Black "Rolando9302"]
[Result "0-1"]
[WhiteElo "2053"]
[BlackElo "2228"]

1. e4 Nc6 2. Nf3 e5 3. Bc4 Bc5 4. Nc3 Nf6 5. Na4 Nxe4 6. Nxc5 Nxc5 7. O-O Ne6 8.
d3 d5 9. Bb3 O-O 10. Bd2 Nc5 11. h3 f6 12. Ne1 Be6 13. c3 Nxb3 14. Qxb3 b6 15.
Nf3 Ne7 16. Rad1 a5 17. a4 Qd6 18. Qc2 c5 19. b3 d4 20. c4 Ng6 21. Rfe1 Bd7 22.
Bc1 Bc6 23. Re2 Bxf3 24. gxf3 Nh4 25. Re4 Nxf3+ 26. Kg2 f5 27. Re2 Qg6+ 28. Kxf3
e4+ 0-1

[Event "AUTO-MASTER-2979"]
[Site "http://www.queenalice.com/game.php?id=1622160"]
[Date "2020.7.30"]
[Round "1"]
[White "jpribeiro"]
[Black "rodrigoma"]
[Result "1-0"]
[WhiteElo "1854"]
[BlackElo "2037"]

1. e4 c5 2. c3 Nc6 3. d4 cxd4 4. cxd4 e6 5. Nf3 d5 6. e5 a6 7. Nc3 Bb4 8. Be3
Nge7 9. a3 Bxc3+ 10. bxc3 O-O 11. Bd3 f5 12. exf6 Rxf6 13. Bg5 Rf8 14. O-O Qc7
15. Qc2 Nf5 16. g3 g6 17. g4 Ng7 18. Kg2 Rxf3 19. Kxf3 Qf7+ 20. Kg3 e5 21. dxe5
Nxe5 22. Be2 b5 23. Rae1 Ra7 24. f4 Nc4 25. a4 Ne3 26. Qd2 Nxf1+ 27. Bxf1 bxa4
28. Qd4 a3 29. Bf6 Rd7 30. Bxg7 Qxg7 31. Qxg7+ Kxg7 32. Ra1 1-0

[Event "AUTO-MASTER-2979"]
[Site "http://www.queenalice.com/game.php?id=1622161"]
[Date "2020.7.30"]
[Round "1"]
[White "rodrigoma"]
[Black "jpribeiro"]
[Result "1/2-1/2"]
[WhiteElo "2043"]
[BlackElo "1887"]

1. e4 e5 2. Nf3 Nf6 3. Nc3 c5 4. Bc4 Bd6 5. O-O h6 6. a3 Nc6 7. d3 O-O 8. Nd5
Nxd5 9. Bxd5 Ne7 10. Bb3 Kh7 11. Nh4 a5 12. a4 Nc6 13. Nf5 Bb8 14. c3 b6 15. Bc4
Qf6 16. Qf3 Ne7 17. Nxe7 Qxe7 18. g3 d6 19. Bd5 Bb7 20. Qf5+ g6 21. Qf3 Bxd5 22.
exd5 f5 23. c4 f4 24. gxf4 exf4 25. Bd2 Qg5+ 26. Kh1 Bc7 27. Rg1 Qf5 28. Rg2 Bd8
1/2-1/2

[Event "AUTO-MASTER-2979"]
[Site "http://www.queenalice.com/game.php?id=1622170"]
[Date "2020.7.30"]
[Round "1"]
[White "noroc"]
[Black "rodrigoma"]
[Result "1-0"]
[WhiteElo "2140"]
[BlackElo "1979"]

1. c4 Nf6 2. Nf3 g6 3. g3 Bg7 4. Bg2 d6 5. O-O O-O 6. d4 c6 7. Nc3 Nbd7 8. Bd2
b6 9. Rc1 Bb7 10. Re1 a6 11. b4 b5 12. c5 d5 13. e4 dxe4 14. Nxe4 Nxe4 15. Rxe4
e6 16. Bg5 Qe8 17. Bf4 Qc8 18. Bd6 Re8 19. Ne5 Nxe5 20. dxe5 f5 21. Rh4 Qd7 22.
g4 Qd8 23. Rh3 a5 24. gxf5 exf5 25. Qb3+ Kh8 26. Qf7 axb4 27. Qxb7 Qc8 28. Qxc8
Raxc8 29. f4 Bf8 30. Rb1 Bxd6 31. cxd6 Red8 32. Rxb4 Kg7 33. Rc3 Ra8 34. Rxc6
Rxa2 35. Rxb5 Ra1+ 36. Kf2 Ra2+ 37. Kg3 Re2 38. Rb7+ Kh6 39. Rcc7 1-0

[Event "AUTO-MASTER-2979"]
[Site "http://www.queenalice.com/game.php?id=1622171"]
[Date "2020.7.30"]
[Round "1"]
[White "rodrigoma"]
[Black "noroc"]
[Result "1-0"]
[WhiteElo "2030"]
[BlackElo "2124"]

1. e4 c5 2. Nf3 Nc6 3. Nc3 d6 4. Bb5 Bd7 5. d4 cxd4 6. Bxc6 dxc3 7. Bxd7+ Qxd7
8. bxc3 Qc6 9. Qd3 Nf6 10. Nd2 g6 11. O-O Bg7 12. Bb2 O-O 13. Rab1 b6 14. c4
Rac8 15. Bxf6 Bxf6 16. f4 Bd4+ 17. Qxd4 1-0

[Event "AUTO-ADV-4470"]
[Site "http://www.queenalice.com/game.php?id=1645356"]
[Date "2021.3.2"]
[Round "1"]
[White "ratorei"]
[Black "rodrigoma"]
[Result "0-1"]
[WhiteElo "2088"]
[BlackElo "1969"]

1. e4 c5 2. Nf3 d6 3. d4 cxd4 4. Nxd4 Nf6 5. Nc3 g6 6. Be3 Bg7 7. f3 O-O 8. Qd2
Nbd7 9. h4 e5 10. Ndb5 Nb6 11. Qxd6 Qxd6 12. Nxd6 Ne8 13. Nxc8 Rxc8 14. Bd3 Nd6
15. a4 Nbc4 16. Bc1 f5 17. O-O f4 18. Nd5 Rf7 19. b3 Nb6 20. Ba3 Bf8 21. Nxb6
axb6 22. Kh2 Rf6 23. g3 fxg3+ 24. Kxg3 Bh6 25. Bc1 Bxc1 26. Raxc1 Rc3 27. Kg4
Rf4+ 28. Kg3 h5 29. Kf2 Kg7 30. Kg3 Kf6 31. Ra1 Ke6 32. a5 bxa5 33. Rxa5 Rc7 34.
Rfa1 Rf8 35. Rd5 Nf5+ 36. Kh3 Ne3 37. Rb5 Rxf3+ 38. Kh2 Nxc2 39. Bc4+ Rxc4 0-1

[Event "AUTO-ADV-4470"]
[Site "http://www.queenalice.com/game.php?id=1645357"]
[Date "2021.3.2"]
[Round "1"]
[White "rodrigoma"]
[Black "ratorei"]
[Result "1-0"]
[WhiteElo "2002"]
[BlackElo "2109"]

1. e4 e6 2. Nf3 d5 3. exd5 exd5 4. Bb5+ c6 5. Be2 Nf6 6. O-O Bd6 7. d3 Bg4 8.
Nd4 Bxe2 9. Qxe2+ Kd7 10. Nf5 Bf8 11. Nc3 g6 12. Ng3 Bg7 13. Bg5 Re8 14. Qd2 Re6
15. Rae1 Qa5 16. Rxe6 fxe6 17. Bxf6 Bxf6 18. Qf4 Ke7 19. Qh6 Nd7 20. Qxh7+ Kd6
21. Qxg6 Qd8 22. Nge2 Qh8 23. d4 Rg8 24. Qd3 Qh4 25. Qf3 e5 26. Ng3 e4 27. Qd1
Kc7 28. Nce2 Bg5 29. c3 Rh8 30. h3 Nf6 31. Nf5 Qh7 32. Neg3 Qg6 33. a4 Bf4 34.
b4 e3 35. Qf3 exf2+ 36. Rxf2 Bxg3 37. Nxg3 Nd7 38. Qf4+ Kc8 39. Qg4 Qxg4 40.
hxg4 Nb6 41. a5 Nc4 42. Nf5 Kd8 43. Re2 Rf8 44. Kh2 Rf7 45. Kg3 Kd7 46. Kf4 b6
47. axb6 axb6 48. g5 Nd6 49. g4 Ne4 50. g6 Rf8 51. Rh2 Nd6 52. Rh7+ 1-0

[Event "AUTO-ADV-4470"]
[Site "http://www.queenalice.com/game.php?id=1645370"]
[Date "2021.3.2"]
[Round "1"]
[White "Patrick_1977"]
[Black "rodrigoma"]
[Result "1/2-1/2"]
[WhiteElo "1773"]
[BlackElo "2022"]

1. e4 c5 2. Nf3 d6 3. d4 cxd4 4. Nxd4 g6 5. Bc4 Nf6 6. Nc3 Bg7 7. O-O O-O 8. Re1
e5 9. Nf3 Nc6 10. Nd5 a6 11. Bg5 Be6 12. Nxf6+ Bxf6 13. Bxf6 Qxf6 14. Bxe6 Qxe6
15. Ng5 Qf6 16. Qg4 Nd4 17. Rac1 h6 18. Nf3 Nxf3+ 19. Qxf3 Qxf3 20. gxf3 Rac8
21. c4 Rc6 22. Red1 Rfc8 23. b3 b5 24. a3 bxc4 25. Rxc4 Rxc4 26. bxc4 Rxc4 27.
Rxd6 Ra4 28. Rd3 Kg7 29. Kg2 g5 30. Kg3 h5 31. h3 Kg6 32. h4 f6 33. hxg5 Kxg5
34. Rb3 f5 35. exf5 Kxf5 36. Re3 a5 37. Rb3 Kg5 38. Re3 Kf5 39. Rb3 Rd4 40. Rb1
Rd3 41. a4 Ra3 42. Rb8 Rxa4 43. Rf8+ Kg5 44. Rg8+ Kf6 45. Rf8+ Kg5 46. Rg8+ Kf5
47. Rf8+ Kg6 48. Rg8+ Kf6 49. Rf8+ Kg5 1/2-1/2

[Event "AUTO-ADV-4470"]
[Site "http://www.queenalice.com/game.php?id=1645371"]
[Date "2021.3.2"]
[Round "1"]
[White "rodrigoma"]
[Black "Patrick_1977"]
[Result "1-0"]
[WhiteElo "1990"]
[BlackElo "1781"]

1. e4 c6 2. Nf3 d5 3. exd5 cxd5 4. Bb5+ Nc6 5. O-O a6 6. Ba4 Bd7 7. c3 b5 8. Bb3
Nf6 9. d4 h6 10. h3 Bf5 11. Ne5 Nxe5 12. dxe5 Nh7 13. Bxd5 Ra7 14. Bxf7+ Kxf7
15. Qxd8 e6 16. Qb6 Ra8 17. Nd2 Be7 18. Nf3 Rhc8 19. Qa5 Bc2 20. Be3 Bd8 21. Bb6
Bxb6 22. Qb4 Rc4 23. Qd6 Bc5 24. Qd7+ Be7 25. Nd4 Ng5 26. Nxc2 Rac8 27. Qd1 Rd8
28. Qh5+ Kg8 29. Rad1 Rf8 30. Rd7 Rf7 31. Nd4 Rc5 32. Re1 a5 33. h4 Nh7 34. Nxe6
Nf8 35. Nxf8 Kxf8 36. Qd1 Rc8 37. e6 Rf6 38. Rxe7 Kxe7 39. Qd7+ 1-0

[Event "AUTO-ADV-4470"]
[Site "http://www.queenalice.com/game.php?id=1645378"]
[Date "2021.3.2"]
[Round "1"]
[White "altair"]
[Black "rodrigoma"]
[Result "0-1"]
[WhiteElo "1573"]
[BlackElo "2000"]

1. e4 c5 2. Nf3 d6 3. h3 a6 4. Nc3 g6 5. Be2 Bg7 6. b3 Nf6 7. d4 cxd4 8. Nxd4
O-O 9. O-O Nc6 10. Nxc6 bxc6 11. Bb2 Nd7 12. Bf3 Ne5 13. Qe2 a5 14. Na4 Bb7 15.
Qe3 Nxf3+ 16. Qxf3 Bxb2 17. Nxb2 f6 18. Nd3 e5 19. a3 c5 20. Rad1 Qb6 21. Nb2
Rad8 22. Nc4 Qc7 23. Qg4 Bc8 24. Qg3 Be6 25. Ne3 Rf7 26. Ng4 Bxg4 0-1

[Event "AUTO-ADV-4470"]
[Site "http://www.queenalice.com/game.php?id=1645379"]
[Date "2021.3.2"]
[Round "1"]
[White "rodrigoma"]
[Black "altair"]
[Result "1-0"]
[WhiteElo "1998"]
[BlackElo "1575"]

1. e4 e5 2. Nf3 d6 3. Nc3 a6 4. Be2 Nc6 5. O-O Nf6 6. d4 Bg4 7. Bg5 h6 8. Be3
Be7 9. d5 Nb8 10. h3 Bh5 11. Nd2 Bg6 12. a4 Nbd7 13. b4 O-O 14. a5 c6 15. dxc6
bxc6 16. Bf3 c5 17. bxc5 dxc5 18. Nc4 Qc7 19. Qe2 Nh7 20. Nd5 Qd8 21. Rfd1 f5
22. exf5 Bxf5 23. Ndb6 Nxb6 24. Rxd8 Raxd8 25. axb6 Nf6 26. Nxe5 1-0

[Event "AUTO-ADV-4538"]
[Site "http://www.queenalice.com/game.php?id=1769848"]
[Date "2021.9.14"]
[Round "1"]
[White "rodrigoma"]
[Black "jambalaya"]
[Result "1-0"]
[WhiteElo "1961"]
[BlackElo "1767"]

1. e4 Nf6 2. e5 Nd5 3. d4 d6 4. Nf3 Bg4 5. Be2 e6 6. O-O Nc6 7. c3 h6 8. b4 Rb8
9. Qc2 Be7 10. a4 O-O 11. h3 Bf5 12. Qb2 Be4 13. Nbd2 Bg6 14. b5 Na5 15. Nc4
Nxc4 16. Bxc4 c6 17. Re1 Bh5 18. Bxd5 cxd5 19. g4 Bg6 20. exd6 Qxd6 21. Ne5 Be4
22. Bf4 Qd8 23. f3 Bxf3 24. Nxf3 g5 25. Bxb8 Qxb8 26. Qg2 Bf6 27. Ne5 Be7 28.
Nd7 1-0

[Event "AUTO-ADV-4538"]
[Site "http://www.queenalice.com/game.php?id=1769850"]
[Date "2021.9.14"]
[Round "1"]
[White "rodrigoma"]
[Black "EcheKiel"]
[Result "1-0"]
[WhiteElo "1969"]
[BlackElo "1796"]

1. e4 e5 2. Nf3 Nc6 3. Bb5 Qf6 4. O-O Bc5 5. c3 h6 6. Bxc6 dxc6 7. h3 Qg6 8. d4
Bb6 9. Nxe5 Qf6 10. Be3 Ne7 11. Nc4 Qg6 12. Qf3 h5 13. Ne5 Qf6 14. Nd2 Bg4 15.
Qxf6 gxf6 16. Nxg4 hxg4 17. hxg4 Rh4 18. f3 O-O-O 19. Nc4 Rdh8 20. a4 a5 21.
Nxb6+ cxb6 22. Bf4 f5 23. Bg5 Rh1+ 24. Kf2 Rxf1+ 25. Rxf1 Kd7 26. gxf5 Ng8 27.
e5 Ne7 28. e6+ fxe6 29. fxe6+ Kxe6 30. Re1+ Kf5 31. Bxe7 b5 32. axb5 cxb5 33.
Re5+ Kg6 34. Rxb5 Ra8 35. Rb6+ Kf7 36. Rxb7 a4 37. c4 1-0

[Event "AUTO-ADV-4538"]
[Site "http://www.queenalice.com/game.php?id=1769851"]
[Date "2021.9.14"]
[Round "1"]
[White "EcheKiel"]
[Black "rodrigoma"]
[Result "0-1"]
[WhiteElo "1829"]
[BlackElo "1933"]

1. e4 c5 2. Nc3 d6 3. Bb5+ Bd7 4. Bc4 e6 5. Qf3 Nc6 6. Bb5 Nf6 7. Nge2 Ne5 8.
Bxd7+ Qxd7 9. d4 cxd4 10. Nxd4 Nxf3+ 11. Nxf3 Ng4 12. Bf4 a6 13. h3 Nf6 14. e5
Nh5 15. Bh2 g6 16. O-O-O d5 0-1

[Event "AUTO-ADV-4538"]
[Site "http://www.queenalice.com/game.php?id=1769852"]
[Date "2021.9.14"]
[Round "1"]
[White "rodrigoma"]
[Black "Fauquinelle"]
[Result "0-1"]
[WhiteElo "1978"]
[BlackElo "1955"]

1. e4 c6 2. d4 d5 3. exd5 cxd5 4. Nf3 a6 5. Be2 Nc6 6. O-O g6 7. Nc3 Bg7 8. h3
Nf6 9. a3 O-O 10. Bf4 Bf5 11. Ne5 Rc8 12. Bf3 Ne4 13. Bxe4 dxe4 14. Ne2 Nxe5 15.
Bxe5 Bxe5 16. dxe5 Qxd1 17. Rfxd1 Rxc2 18. Nd4 Rxb2 19. Re1 Rd8 20. Nxf5 gxf5
21. Re3 Rd3 22. Rxd3 exd3 23. Kf1 Rb3 24. g3 h5 25. h4 e6 26. a4 b5 27. Ke1 a5
28. f4 b4 29. Kd2 Kg7 30. Rc1 Ra3 31. Rc5 Rxa4 32. Rb5 Ra3 33. Rb7 Rb3 34. Ra7
Ra3 35. Rb7 Rc3 36. Rb5 Rb3 37. Rxa5 Ra3 38. Rb5 Ra2+ 39. Kxd3 Ra3+ 40. Kc2 Rxg3
41. Rxb4 Rg4 42. Kd2 Rxh4 43. Ke2 Rg4 44. Kf3 h4 45. Rb1 Rg3+ 0-1

[Event "AUTO-ADV-4538"]
[Site "http://www.queenalice.com/game.php?id=1769853"]
[Date "2021.9.14"]
[Round "1"]
[White "Fauquinelle"]
[Black "rodrigoma"]
[Result "0-1"]
[WhiteElo "1950"]
[BlackElo "1945"]

1. e4 c5 2. Nf3 d6 3. d4 a6 4. dxc5 Nc6 5. cxd6 exd6 6. Bc4 Bg4 7. Be3 Nf6 8.
Nc3 Ne5 9. Be2 Be7 10. O-O Bxf3 11. Bxf3 O-O 12. Be2 Qc8 13. Nd5 Nxd5 14. exd5
Nc4 15. Bd4 Ne5 16. f4 Ng6 17. c4 f5 18. b3 Bf6 19. Rc1 Qd7 20. g3 Rac8 21. Re1
Qd8 22. Bf1 Bxd4+ 23. Qxd4 Qa5 24. Re7 Nxe7 0-1